Hybrid Biopolymer Nanocomposites for Tissue Engineering Applications/ (Record no. 609690)

000 -LEADER
fixed length control field 00545nam a22001697a 4500
003 - CONTROL NUMBER IDENTIFIER
control field NUST
038 ## - RECORD CONTENT LICENSOR
Staff Name Nusrat Nadeem
082 ## - DEWEY DECIMAL CLASSIFICATION NUMBER
Classification number 200
100 ## - MAIN ENTRY--PERSONAL NAME
Personal name Nazir, Farzana
245 ## - TITLE STATEMENT
Title Hybrid Biopolymer Nanocomposites for Tissue Engineering Applications/
Statement of responsibility, etc. Farzana Nazir
264 ## - PRODUCTION, PUBLICATION, DISTRIBUTION, MANUFACTURE, AND COPYRIGHT NOTICE
Place of production, publication, distribution, manufacture Islamabad;
Name of producer, publisher, distributor, manufacturer SNS NUST;
Date of production, publication, distribution, manufacture, or copyright notice 2022.
300 ## - PHYSICAL DESCRIPTION
Extent 234,p;
Other physical details ill;
Dimensions 30,cm.
650 ## - SUBJECT ADDED ENTRY--TOPICAL TERM
Topical term or geographic name entry element PhD- Chemistry
700 ## - ADDED ENTRY--PERSONAL NAME
Personal name Supervisor:Supervisor: Dr. Mudassir Iqbal
856 ## - ELECTRONIC LOCATION AND ACCESS
Uniform Resource Identifier <a href="http://10.250.8.41:8080/xmlui/handle/123456789/28942">http://10.250.8.41:8080/xmlui/handle/123456789/28942</a>
942 ## - ADDED ENTRY ELEMENTS (KOHA)
Source of classification or shelving scheme
Koha item type Soft Copy
Holdings
Withdrawn status Permanent Location Current Location Date acquired Full call number Barcode Koha item type
  Central Library (CL) Central Library (CL) 06/12/2024 200 CLPT-496 Soft Copy
© 2023 Central Library, National University of Sciences and Technology. All Rights Reserved.